| 000 | 00718cam a22002413a 4500 | ||
|---|---|---|---|
| 001 | 30210 | ||
| 003 | PGUSA | ||
| 005 | 20140828083643.0 | ||
| 008 | 091006s2009||||xxu|||||s|||||000 | eng d | ||
| 040 |
_aPGUSA _beng |
||
| 042 | _adc | ||
| 050 | 4 | _aBL | |
| 100 | 1 |
_aFoote, G. W. _q(George William), _d1850-1915 |
|
| 245 | 1 | 0 |
_aComic Bible Sketches : _bReprinted from "The Freethinker" _h[electronic resource] / _cG. W. Foote |
| 260 |
_bProject Gutenberg, _c2009 |
||
| 506 | _aPublic domain in the USA. | ||
| 516 | _aElectronic text | ||
| 653 | _aFree thought | ||
| 653 | _aBible -- Caricatures and cartoons | ||
| 830 | 0 |
_aProject Gutenberg _v30210 |
|
| 856 | 4 | 0 | _uhttp://www.gutenberg.org/ebooks/30210 |
| 942 | _cEB | ||
| 999 |
_c259465 _d259465 |
||